| Поле | Инд. | ПП | Название | Значение |
|---|---|---|---|---|
| Тип записи | a | |||
| Библиографический уровень | b | |||
| 001 | Контрольный номер | RU/IS/BASE/293113628 | ||
| 005 | Дата корректировки | 20200630193259.7 | ||
| 008 | Кодируемые данные | 20090415 | ||
| 040 | b | Код языка каталог. | rus | |
| e | Правила каталог. | PSBO | ||
| 041 | 0_ | a | Код языка текста | rus |
| 084 | a | Индекс другой классификации/Индекс ББК | 66.4,0; 60.561.37 | |
| 100 | 1_ | a | Автор | Кочетков В. В. |
| q | Полное имя | Кочетков Владимир Викторович | ||
| 245 | 10 | a | Заглавие | Внешняя политика государства в XXI веке: теория(и), методология, прикладной анализ |
| 520 | a | Аннотация | 14-15 апреля 2008 г. на социологическом факультете Московского государственного университета им. М. В. Ломоносова состоялся научный семинар, в работе которого приняли участие ведущие специалисты-международники МГУ, МГИМО, ИМЭМО РАН, Дипломатической академии МИД РФ и т.д. | |
| 650 | 14 | a | Основная рубрика | внешняя политика |
| a | Основная рубрика | международные отношения | ||
| a | Основная рубрика | политика | ||
| a | Основная рубрика | политическая социология | ||
| a | Основная рубрика | политология | ||
| a | Основная рубрика | социология | ||
| 653 | 1_ | a | Ключевые слова | методология международных отношений |
| a | Ключевые слова | Россия | ||
| a | Ключевые слова | система межличностных отношений | ||
| a | Ключевые слова | теория международных отношений | ||
| 773 | 08 | t | Заглавие источника | Вестник Московского университета. Серия 18, Социология и политология |
| d | Дата издания источника | 2008 | ||
| g | Прочая информация | № 4. - С. 20 - 34 | ||
| w | Контрольный № источника | RU/IS/BASE/292076337 | ||
| 901 | t | Тип документа | b |